MotoGP 2013 Riders by Number - Statistics

General Stats
  • This quiz has been taken 390 times
  • The average score is 25 of 26
Answer Stats
Hint Answer % Correct
Andrea Dovizioso 4
100%
Dani Pedrosa 26
99%
Valentino Rossi 46
99%
Stefan Bradl 6
99%
Danilo Petrucci 9
99%
Marc Marquez 93
99%
Aleix Espargaro 41
98%
Colin Edwards 5
98%
Hector Barbera 8
98%
Jorge Lorenzo 99
98%
Nicky Hayden 69
97%
Karel Abraham 17
96%
Alvaro Bautista 19
96%
Andrea Iannone 29
96%
Cal Crutchlow 35
96%
Hiroshi Aoyama 7
96%
Ben Spies 11
95%
Randy de Puniet 14
95%
Bradley Smith 38
94%
Michele Pirro 51
93%
Ivan Silva 22
90%
Yonny Hernandez 68
88%
Michael Laverty 70
88%
Bryan Staring 67
86%
Lukas Pesek 52
85%
Claudio Corti 71
85%
No matching quizzes found
Score Distribution
Percent of People with Each Score
Percentile by Number Answered
Your Score History
You have not taken this quiz